LEADER 01455nam a2200277 i 4500 001 000000131850 003 CaOOAMICUS 005 20110128000000.0 008 110128s1972 it u000 u ita u 013 $a104765 040 $aSeMil$bita 245 13$aIl dono dello Spirito Santo :$bPer la pastorale della Cresima. Atti del 14. Convegno liturgico-pastorale /$cIntroduzione di Ferdinando Antonelli ; Relazioni di Carlo Ghidelli ... [et al.] ; Comunicazioni di Enzo Lodi e Felice Rainoldi. 260 $aMilano :$bO.R.,$cstampa 1972. 300 $a148 p. ;$c21 cm. 490 0 $aSussidi liturgico-pastorali. N.s ;$v4 500 $aContiene : Appendice. 650 4$aConfermazione - Pastorale.$0(OLS)http://semarc/subject/8877 700 1 $aLodi, Enzo.$0(OLS)http://semarc/name/21422 700 1 $aAntonelli, Ferdinando,$c.$0(OLS)http://semarc/name/15704 700 1 $aGhidelli, Carlo,$c.$0(OLS)http://semarc/name/3857 830 0$aSussidi liturgico-pastorali. Nuova serie ;$v4.$0(OLS)http://semarc/title/439 850 $aSeMil 852 $aSeMil$W1$xVenegono$y1$m3K V 214$j85784$B85784$CSeMilBibl$Z2$F125878 $81 961 $aOmaggio: Lattuada mons. Giovanni 996 $6245$aIl dono dello Spirito Santo :$bPer la pastorale della Cresima. Atti del 14. Convegno liturgico-pastorale$9(OLS)http://semarc/title/193776 996 $6260$aMilano :$bO.R.$9(OLS)http://semarc/publisher/29789 LEADER 01212nam a2200277 i 4500 001 000000227608 003 CaOOAMICUS 005 20160720000000.0 008 160720s1981 gw u000 u ger u 013 $a206510 020 $a3-525-03252-8 040 $aSeMil$bita 100 1 $aGoppelt, Leonhard,$d<1911-1973>.$0(OLS)http://semarc/name/6737 245 10$aTheologie des Neuen Testaments /$cLeonhard Goppelt ; herausgegeben von Jürgen Roloff. 250 $aUnveränderter Nachdruck der 3. Aufl. 260 $aIn Göttingen :$bVandenhoeck & Ruprecht,$c1981. 300 $a669 p. ;$c19 cm. 490 0 $aUni-Taschenbücher ;$v850 650 4$aBibbia. Nuovo Testamento - Teologia.$0(OLS)http://semarc/subject/2289 700 1 $aRoloff, Jürgen <1930->.$0(OLS)http://semarc/name/15842 830 0$aUni-Taschenbücher ;$v850.$0(OLS)http://semarc/title/25802 850 $aSeMil 852 $aSeMil$W1$xVenegono$y1$m2Y I 27$j177954$B177954$CSeMilBibl$Z2$F188832 $81 996 $6020$a3-525-03252-8$9(OLS)http://semarc/number/229300 996 $6245$aTheologie des Neuen Testaments$9(OLS)http://semarc/title/18271 996 $6260$aIn Göttingen :$bVandenhoeck & Ruprecht$9(OLS)http://semarc/publisher/29771